000 00772nam a22002177a 4500
999 _c15785
_d15785
003 OSt
005 20201124164037.0
008 181213b ||||| |||| 00| 0 eng d
022 _a0730-3084
040 _c0
082 _aDPer 613.705 J863 Sept 2015-Apr 2016 v. 86-87
100 _aJenny, Seth.
_942566
245 _a A running start:
_bresource guide for youth running programs/
_cSeth Jenny, Andrew Becker and Tess Armstrong.
260 _aPhiladelphia:
_bShape America-Society of Health and Physical Educators,
_c©Sept 2015-Apr 2016.
300 _av87, n2, pages 38-48:
_billustrations;
_c28 cm.
500 _aJOPERD
650 _aPhysical fitness.
_933110
700 _aBecker, A.
_eAuthor.
_942602
700 _aArmstrong, T.
_eAuthor.
_942603
942 _2ddc
_cPER